ბათუმის შოთა რუსთაველის სახელმწიფო უნივერსიტეტის ბიბლიოთეკა

Biostatistics: (ბიბ.ჩანაწერი № 61641)

000 -LEADER
fixed length control field 00749nam a22002297a 4500
005 - DATE AND TIME OF LATEST TRANSACTION
control field 20240404145809.0
008 - FIXED-LENGTH DATA ELEMENTS--GENERAL INFORMATION
fixed length control field 240404s2004 enk||||| |||| 00| 0 eng d
020 ## - INTERNATIONAL STANDARD BOOK NUMBER
International Standard Book Number 9780471031857
041 ## - LANGUAGE CODE
Language code of text/sound track or separate title eng
080 ## - UNIVERSAL DECIMAL CLASSIFICATION NUMBER
Universal Decimal Classification number 614 B-67
245 ## - TITLE STATEMENT
Title Biostatistics:
Remainder of title A Methodology For the Health Sciences /
250 ## - EDITION STATEMENT
Edition statement Second edition
264 ## - PRODUCTION, PUBLICATION, DISTRIBUTION, MANUFACTURE, AND COPYRIGHT NOTICE
Place of production, publication, distribution, manufacture Hoboken,
Date of production, publication, distribution, manufacture, or copyright notice 2004.
300 ## - PHYSICAL DESCRIPTION
Extent 871 p.;
Other physical details 26 cm.
653 ## - INDEX TERM--UNCONTROLLED
keyword ბიოსტატისტიკა
653 ## - INDEX TERM--UNCONTROLLED
keyword მედიცინა
700 ## - ADDED ENTRY--PERSONAL NAME
Personal name Belle, Gerald van
Relator term ავტორი
9 (RLIN) 21709
700 ## - ADDED ENTRY--PERSONAL NAME
Personal name Fisher, Lloyd D.
Relator term ავტორი
9 (RLIN) 21710
700 ## - ADDED ENTRY--PERSONAL NAME
Personal name Heagerty, Patrick J.
Relator term ავტორი
9 (RLIN) 21711
700 ## - ADDED ENTRY--PERSONAL NAME
Personal name Lumley, Thomas
Relator term ავტორი
9 (RLIN) 21712
942 ## - ADDED ENTRY ELEMENTS (KOHA)
Source of classification or shelving scheme
Koha item type წიგნი
ეგზემპლარები
Withdrawn status Lost status Source of classification or shelving scheme Damaged status Not for loan Permanent Location Current Location Shelving location Date acquired Cost, normal purchase price Full call number Barcode Date last seen Copy number Price effective from Koha item type Public note
          ბათუმის შოთა რუსთაველის სახელმწიფო უნივერსიტეტის მთავარი ბიბლიოთეკა ბათუმის შოთა რუსთაველის სახელმწიფო უნივერსიტეტის მთავარი ბიბლიოთეკა წიგნსაცავი 2024-04-04 246.00 614 B-67 67792 2024-04-04 67792 2024-04-04 წიგნი 246 ლ. 40 თ.